|
|
|
|
| LEADER |
00000nam a22000007a 4500 |
| 005 |
20170830001945.0 |
| 007 |
cr|||| |||| |
| 008 |
170830s2016 es |||||s|||| 00||0 spa d |
| 020 |
|
|
|a 978-84-9085-504-1
|
| 035 |
|
|
|a 20482
|
| 040 |
|
|
|a vLex
|
| 090 |
|
|
|c 6881
|d 6881
|
| 100 |
1 |
|
|a Nieto Morales, Concepcin̤
|
| 245 |
1 |
3 |
|a Los efectos del trabajo en el personal sanitario
|h [Recurso electrn̤ico] /
|c Concepcin̤ Nieto Morales, Lourdes Nieto Cabrera
|
| 256 |
|
|
|a Servicio en ln̕ea
|
| 260 |
|
|
|a Madrid:
|b Dykinson,
|c 2016
|
| 300 |
|
|
|a 1 recurso electrn̤ico
|
| 506 |
1 |
|
|a Disponible solo en los productos indicados
|d vLex Global
|d vLex Global (Academic Edition, excluding Law Schools)
|d vLex Global (U.S. Academic Edition, Law Schools)
|d vLex Global (U.S. Academic Edition, excluding Law Schools)
|d vLex Global (Academic Edition, Law Schools)
|
| 650 |
0 |
4 |
|a Derecho Laboral y Seguridad Social
|z Espaą
|
| 650 |
0 |
4 |
|a Derecho Pb︢lico y Administrativo
|z Espaą
|
| 740 |
0 |
|
|a vLex Libros (Servicio en ln̕ea)
|
| 856 |
4 |
0 |
|u http://vlex.com/source/efectos-trabajo-personal-sanitario-20482
|z Acceso restringido
|
| 942 |
|
|
|c BOOK
|
| 999 |
0 |
|
|a Labor Law and Social Security
|
| 999 |
0 |
|
|a Public and Administrative Law
|